The recognition of Edgar Allan Poe
Guardat en:
| Autor principal: | |
|---|---|
| Format: | Llibre |
| Idioma: | Undetermined |
| Publicat: |
Michigan, Estados Unidos
Ann Arbor Paperback
1970
|
| Matèries: | |
| Etiquetes: |
Afegir etiqueta
Sense etiquetes, Sigues el primer a etiquetar aquest registre!
|
MARC
| LEADER | 00000nam a2200000Ia 4500 | ||
|---|---|---|---|
| 008 | 170316s9999 xx 000 0 und d | ||
| 040 | |a cru BVZT | ||
| 090 | |a C-810 C-1r | ||
| 100 | |a Carlson, Eric W. | ||
| 245 | 4 | |a The recognition of Edgar Allan Poe | |
| 260 | |a Michigan, Estados Unidos | ||
| 260 | |b Ann Arbor Paperback | ||
| 260 | |c 1970 | ||
| 300 | |a 316 páginas | ||
| 650 | |a LITERATURA ESTADOUNIDENSE | ||
| 650 | |a CRÍTICA | ||
| 999 | |c 12832 |d 12832 | ||
| 942 | |c 15 D |h C-810 C-1r |2 z | ||
